000 00752nam a2200229 a 4500
001 000023724
005 20200930022423.0
008 110112s1984 ag r 000 0 spa d
020 _a9500403706
040 _aDO-SdBNP
_bspa
_cBNPHU
041 1 7 _aspa
_beng
_2Código de idioma MARC
082 _a294.3
_bI26v
100 1 _aIkeda, Daisaku
_d1928-
_947609
240 1 0 _aLife, an enigma, a precious jewel.
_lEspañol.
245 1 0 _aLa vida, un enigma /
_cDaisaku Ikeda ; traducción Edith Zilli.
260 _aBuenos Aires, Argentina :
_bEmecé Editores,
_c1984.
300 _a285, [1] p. ;
_c20 cm.
534 _aTítulo original:
_tLife, an enigma, a precious jewel.
650 4 _aBudismo
_93429
700 1 _aZilli, Edith
_etr.
_93228
049 _aBNGR
999 _c23220
_d23220